Naruto - Last Names Quiz - Statistics

General Stats
  • This quiz has been taken 291 times
  • The average score is 12 of 14
Answer Stats
First Name Last Name % Correct
Naruto Uzumaki
99%
Sasuke Uchiha
97%
Kakashi Hatake
96%
Hinata Hyuga
94%
Sakura Haruno
92%
Rock Lee
89%
Neji Hyuga
87%
Shikamaru Nara
87%
Asuma Sarutobi
81%
Shino Aburame
77%
Ino Yamanaka
77%
Choji Akimichi
73%
Kiba Inuzuka
71%
Kurenai Yuhi
56%
No matching quizzes found
Score Distribution
Percent of People with Each Score
Percentile by Number Answered
Your Score History
You have not taken this quiz